01003nam a22003377a 4500001000400000003000600004005001700010008004100027010001700068020001800085040003000103042000900133050002600142082001400168100001800182245006800200250001200268260003500280300003700315490003600352505000600388520008300394521001800477521001700495650002200512650002700534650002500561650002800586650001900614700003200633370FISKH20241031112220.0230329b cb ||||| |||| 00| 0 eng d a 2008014199 a9780545325424 aDLCcDLCdDLCdFISKHbeng alcac00aPZ8.3.W4125bMac 201000a813.62221 aWeeks, Sarah.10aMac and Cheese /cby Sarah Weeks ; illustrated by Jane Manning. a1st ed. aNew York :bScholastic.c2010. a32 pages. :bcol. ill. ;c23 cm.0 aI can read! Beginning reading 1 aF aTwo cats that are as different as night and day are nevertheless best friends.1 a430 bLexile1 aF bRaz-Plus 1aStories in rhyme. 1aBest friendsvFiction. 1aFriendshipvFiction. 1aIndividualityvFiction. 1aCatsvFiction.1 aManning, Jane,d1960-eill.